000
00308nam a22001337a 4500
008
170816b xxu||||| |||| 00| 0 eng d
020
_a
9780137549207
041
_a
eng
080
_2
2ND
_a
51
100
_a
36
101
_a
MAT
245
_a
DISCRETE-TIME SIGNAL PROCESSING
_c
OPPENHEIM,A.V
942
_2
udc
_c
BK
999
_c
23680
_d
23680